000 00851nam0a2200277 4500
001 RU\NLR\bibl\1285282
005 20250615142534.0
010 _a978-5-86793-628-0
_91000
021 _aRU
_b2008-68896
_93942
035 _a(NLR Aleph) 001271012
090 _a439051
_c439051
100 _a20081017d2008 |||y0rusy50 ca
101 0 _arus
102 _aRU
105 _ac |||||||||
200 1 _aНеслучайные заметы
_fБорис Лунин
210 _aМосква
_cНовое Литературное Обозрение
_d2008
215 _a302, [1] с.
_cпортр.
_d21
686 _aШ6(2=Р)7-495
700 1 _aЛунин
_bБ. С.
_f1892-1960
_gБорис Семенович
_4070
801 0 _aRU
_bNLR
_c20081017
_gRCR
801 1 _aRU
_bNLR
_c20081017
942 _cBOOK
980 _aNB